000 00652nam a2200301Ia 4500
005 20260127113016.0
008 008 260114s9999 xx 000 0 eng d
020 _a8190019929
037 _aTextbook
040 _aPSDL
040 _beng
040 _cPSDL
041 _2eng
041 _aeng
084 _aW.2 N3
084 _qPSDL
100 _aShourie, Arun
_91108924
245 0 _aIndian Controversies
245 0 _cShourie, Arun
260 _aNew Delhi
260 _bASA Publications
260 _c1993
300 _a522p.
942 _cTB
942 _hW.2 N3
999 _c1674386
_d1674386